Otra vuelta de tuerca (Registro nro. 57230)

Detalles MARC
000 -ENCABEZADO
Número de control [NR] 00959nam a2200265Ia 4500
008 - DE LONGITUD FIJA DE DATOS DE ELEMENTOS - INFORMACIÓN GENERAL
Elementos de longitud fija [NR] 130821s2001 sp gr spa
020 ## - NUMERO INTERNACIONAL NORMALIZADO PARA LIBROS [R]
Número Internacional Normalizado del libro [NR] 9580449155
040 ## - FUENTE DE CATALOGACION [NR]
Agencia de catalogación original [NR] Co-BoUCM
Idioma de catalogación [NR] spa
041 00 - CODIGO DE IDIOMA [R]
Código de idioma para texto/pista de sonido o título separado [R] Español
100 ## - ASIENTO PRINCIPAL--NOMBRE PERSONAL [NR]
Nombre personal [NR] James, Henry
Fechas asociadas con el nombre [NR] 1843-1916
ID Autoridad 164338
245 00 - MENCION DE TITULO [NR]
Título [NR] Otra vuelta de tuerca
Mención de responsabilidad, etc. [NR] Henry James ; traducción Javier Escobar, Eva Zímerman
250 ## - MENCION DE EDICION [NR]
Mención de edición [NR] 2a. ed.
260 ## - PUBLICACION, DISTRIBUCION, ETC. (PIE DE IMPRENTA) [R]
Lugar de publicación, distribución, etc. [R] Barcelona (España)
Nombre del editor, distribuidor, etc. [R] Grupo Editorial Norma
Fecha de publicación, distribución, etc. [R] 2001
300 ## - DESCRIPCION FISICA [R]
Extensión [R] 257 páginas
490 ## - MENCION DE SERIE [R]
Mención de serie [R] Colección Cara y Cruz
501 ## - NOTA DE “CON” [R]
Nota de “Con” [NR] A propósito de Henry James y su obra
-- Henry James.
600 ## - ASIENTO SECUNDARIO DE MATERIA - NOMBRE PERSONAL [R]
Nombre personal [NR] James M., Henry
Fechas asociadas con el nombre [NR] 1843-1916
Subdivisión general [R] Crítica e interpretación, etc.
9 (RLIN) 126608
650 04 - ASIENTO SECUNDARIO DE MATERIA - TERMINO TEMATICO [R]
Término temático o nombre geográfico como elemento de entrada [NR] Literatura estadounidense
9 (RLIN) 18653
650 04 - ASIENTO SECUNDARIO DE MATERIA - TERMINO TEMATICO [R]
Término temático o nombre geográfico como elemento de entrada [NR] Novela estadounidense
9 (RLIN) 20501
700 ## - ASIENTO SECUNDARIO - NOMBRE PERSONAL [R]
Nombre personal [NR] Escobar, Javier
Término de relación [R]
9 (RLIN) 164339
700 ## - ASIENTO SECUNDARIO - NOMBRE PERSONAL [R]
Nombre personal [NR] Zímerman, Eva
Término de relación [R]
9 (RLIN) 49474
765 #4 - ASIENTO DE IDIOMA ORIGINAL [R]
Asiento principal [NR] The turn of the screw
942 ## - ELEMENTOS DE ENTRADA AGREGADOS (KOHA)
Tipo de ítem principal el descrito en 300a Libro
Tema principal Literatura
Edición 2
Parte restante de la signatura top. J272o
Sistema de clasificación DEWEY
Clasificación 813.3
Existencias
Fecha de último préstamo Total préstamos Total Renewals Signatura topográfica Código de barras Última vez visto Volúmen / Fascículo Ejemplar Price effective from Tipo de ítem Perdido Sistema de clasificación Dañado No prestable Tipo de ítem específico Suprimido Ubicación habitual Ubicación actual Localización Fecha de creación Forma de adquisición Costo
06/09/2016 9 1 813.3 J272o 100091875 09/12/2025 2a. Ed. Ej.1 03/02/2013 Libro   DEWEY     Libro   Claustro Claustro 2do piso 28/02/2013   26000.00